| 000 | 00788nam0a22002411 4500 | ||
|---|---|---|---|
| 001 | rc\494654 | ||
| 005 | 20250621105418.0 | ||
| 010 |
_a5-8077-0016-3 _95000 |
||
| 035 | _a(NLR Aleph) 005736244 | ||
| 090 |
_a7629001 _c7629001 |
||
| 100 | _a20030616d1988 |||y0rusy50 ca | ||
| 101 | 0 | _arus | |
| 102 | _aRU | ||
| 105 | _aa ||||||||| | ||
| 200 | 1 |
_aШоколадный мальчик _eСтихи _e[Для мл. шк. возраста] _fМария Мирзабекова _g[Худож. В. Топчян] |
|
| 210 |
_aЕреван _cАревик _d1988 |
||
| 215 |
_a60, [3] с. _cцв. ил. _d22 |
||
| 700 | 1 |
_aМирзабекова _bМ.Ф. _gМария Филипповна |
|
| 801 | 0 |
_aRU _bNLR _gpsbo |
|
| 801 | 1 |
_aRU _bELAR _2rusmarc |
|
| 852 |
_aNLR _j88-6/2952 |
||
| 942 | _cBOOK | ||
| 980 | _aNB | ||